000
00325 a2200145 4500
001
174209
020
_a
040
_c
Magnum
100
_a
Kamii, Constance
240
1
0
_a
Jogos em grupo na educacao infantil
_l
por
245
1
0
_a
Jogos em grupo na educacao infantil
362
0
_a
1899
697
_a
PEDAGOGIA
942
_c
BK
999
_c
174209
_d
174209